[Event "Bremen-ch op"]
[Site "Bremen"]
[Date "2013.03.27"]
[Round "6"]
[White "Lai Hop, Duong"]
[Black "Isakson, Alex"]
[Result "1-0"]
[WhiteElo "2193"]
[BlackElo "1989"]
[PlyCount "115"]
[EventDate "2013.03.23"]
[EventType "swiss"]
[EventRounds "9"]
[EventCountry "GER"]
[SourceTitle "EXT 2022"]
[Source "ChessBase"]
[SourceDate "2021.10.06"]
[SourceVersion "1"]
[SourceVersionDate "2021.10.06"]
[SourceQuality "1"]

1. d4 d5 2. Nf3 Nf6 3. Bf4 e6 4. e3 c5 5. c3 Nc6 6. Nbd2 Be7 7. Bd3 0-0 8. 0-0 Bd7 9. Qe2 cxd4 10. exd4 Qb6 11. Rfb1 Rfc8 12. Ne5 Be8 13. g4 Nxe5 14. Bxe5 Nd7 15. Bg3 Nf8 16. f4 f6 17. Nf3 Bf7 18. Rf1 a6 19. Rf2 Qa7 20. a4 Qb6 21. Kg2 Qc6 22. h4 h5 23. g5 f5 24. Ne5 Qc7 25. Nxf7 Kxf7 26. Qxh5+ Ng6 27. Qf3 Bd6 28. h5 Nf8 29. Re1 Kg8 30. Rfe2 Qc6 31. Bc2 b5 32. axb5 axb5 33. Bb3 Kh8 34. Rxe6 Nxe6 35. Bxd5 Qc7 36. Bxa8 Nxf4+ 37. Bxf4 Bxf4 38. h6 Bxg5 39. hxg7+ Qxg7 40. Rh1+ Bh6+ 41. Kf2 Qg5 42. Bd5 Re8 43. Qd3 Re7 44. Bf3 Qf4 45. d5 Ra7 46. Qd4+ Qxd4+ 47. cxd4 Kg7 48. Re1 Bg5 49. Re6 Ra2 50. Re2 Ra4 51. Re5 Bf6 52. Rxf5 Bxd4+ 53. Ke2 Bxb2 54. d6 Rd4 55. Bd5 Rh4 56. d7 Rh8 57. Bg8 Rxg8 58. Rg5+ 1-0

[Event "Bremen-ch op"]
[Site "Bremen"]
[Date "2013.03.24"]
[Round "3"]
[White "Pautz, Peter"]
[Black "Lai Hop, Duong"]
[Result "1/2-1/2"]
[WhiteElo "2034"]
[BlackElo "2193"]
[PlyCount "34"]
[EventDate "2013.03.23"]
[EventType "swiss"]
[EventRounds "9"]
[EventCountry "GER"]
[SourceTitle "EXT 2022"]
[Source "ChessBase"]
[SourceDate "2021.10.06"]
[SourceVersion "1"]
[SourceVersionDate "2021.10.06"]
[SourceQuality "1"]

1. d4 d5 2. c4 c6 3. Nf3 Nf6 4. cxd5 cxd5 5. Nc3 Nc6 6. Bf4 e6 7. e3 Nh5 8. Bg5 Qb6 9. Rb1 Nf6 10. Be2 Ne4 11. Nxe4 dxe4 12. Nd2 Qa5 13. h4 h6 14. Bf4 Be7 15. a3 0-0 16. Qc2 f5 17. h5 Kh8 1/2-1/2

[Event "BL2-Nord 1213"]
[Site "Germany"]
[Date "2012.10.14"]
[Round "1.8"]
[White "Bakker, Sven"]
[Black "Lai Hop, Duong"]
[Result "1/2-1/2"]
[WhiteElo "2241"]
[BlackElo "2204"]
[PlyCount "88"]
[EventDate "2012.10.14"]
[EventType "team-tourn"]
[EventRounds "9"]
[EventCountry "GER"]
[SourceTitle "CBM 154 Extra"]
[Source "ChessBase"]
[SourceDate "2013.06.25"]
[SourceVersion "2"]
[SourceVersionDate "2013.06.25"]
[SourceQuality "1"]
[WhiteTeam "Hamburger SK II"]
[BlackTeam "Werder Bremen II"]
[WhiteTeamCountry "GER"]
[BlackTeamCountry "GER"]

1. d4 d5 2. c4 e6 3. Nc3 Nf6 4. cxd5 exd5 5. Bg5 c6 6. e3 Be7 7. Qc2 0-0 8. Bd3 Nbd7 9. Nf3 Re8 10. h3 Nf8 11. Bf4 Bd6 12. Bxd6 Qxd6 13. 0-0-0 Ng6 14. Kb1 b5 15. Rc1 Bd7 16. g4 Rab8 17. Nd2 Re7 18. g5 Ne8 19. h4 Nc7 20. Nb3 Na6 21. h5 Nb4 22. Qd2 Nxd3 23. Qxd3 Nf8 24. Nc5 Ne6 25. Nxe6 Qxe6 26. Ka1 a5 27. Ne2 Qe4 28. Nf4 Be8 29. Qxe4 Rxe4 30. Nd3 Re6 31. b3 Kf8 32. Kb2 h6 33. Nf4 Rd6 34. Rhg1 Rb7 35. Kc3 Re7 36. Kd3 hxg5 37. Rxg5 Rh6 38. Rc5 Ra7 39. Rg1 a4 40. b4 Re7 41. Rgc1 Rf6 42. a3 Rh6 43. Rg1 Rd7 44. Rg3 Rdd6 1/2-1/2

[Event "BL2-Nord 1011"]
[Site "Germany"]
[Date "2011.04.10"]
[Round "9.8"]
[White "Lai Hop, Duong"]
[Black "Meissner, Felix"]
[Result "1/2-1/2"]
[WhiteElo "2196"]
[BlackElo "2198"]
[PlyCount "95"]
[EventDate "2010.10.10"]
[EventType "team-tourn"]
[EventRounds "9"]
[EventCountry "GER"]
[SourceTitle "EXT 2012"]
[Source "ChessBase"]
[SourceDate "2011.11.24"]
[SourceVersion "1"]
[SourceVersionDate "2011.11.24"]
[SourceQuality "1"]
[WhiteTeam "Werder Bremen II"]
[BlackTeam "Hamburger SK II"]
[WhiteTeamCountry "GER"]
[BlackTeamCountry "GER"]

1. e4 c5 2. Nf3 d6 3. Bc4 e6 4. Qe2 Be7 5. Bb3 Nc6 6. c3 Nf6 7. 0-0 0-0 8. d4 Bd7 9. Rd1 cxd4 10. cxd4 a6 11. Nc3 Qc7 12. Bg5 h6 13. Bh4 Rae8 14. Rac1 Qb8 15. e5 Nh7 16. Bxe7 Nxe7 17. Ne4 Bb5 18. Qe1 dxe5 19. dxe5 Bc6 20. Nd6 Rd8 21. Nd4 Bd5 22. Qb4 Nc6 23. Nxc6 bxc6 24. Qxb8 Rxb8 25. Bxd5 cxd5 26. Rd2 Rb6 27. Rc7 Rfb8 28. b3 f6 29. f4 Nf8 30. Rdc2 fxe5 31. fxe5 Ng6 32. Nc8 R6b7 33. Rxb7 Rxb7 34. Rc6 Nxe5 35. Rxe6 Nd3 36. Re7 Rb4 37. Re3 Nc1 38. Ne7+ Kh7 39. Nxd5 Rd4 40. Nc7 Rd1+ 41. Kf2 Rd2+ 42. Kf3 Rxa2 43. Ne6 Rd2 44. Nc5 a5 45. Re7 Rc2 46. Re5 Rc3+ 47. Ke4 Nxb3 48. Nxb3 1/2-1/2

[Event "BL2-Nord 1011"]
[Site "Germany"]
[Date "2011.01.16"]
[Round "5.7"]
[White "Lai Hop, Duong"]
[Black "Klimm, Wolf Dietrich"]
[Result "0-1"]
[WhiteElo "2196"]
[BlackElo "2275"]
[PlyCount "132"]
[EventDate "2010.10.10"]
[EventType "team-tourn"]
[EventRounds "9"]
[EventCountry "GER"]
[SourceTitle "EXT 2012"]
[Source "ChessBase"]
[SourceDate "2011.11.24"]
[SourceVersion "1"]
[SourceVersionDate "2011.11.24"]
[SourceQuality "1"]
[WhiteTeam "Werder Bremen II"]
[BlackTeam "Zehlendorf"]
[WhiteTeamCountry "GER"]
[BlackTeamCountry "GER"]

1. e4 c6 2. Nf3 d5 3. exd5 cxd5 4. Ne5 Nf6 5. d4 g6 6. Bb5+ Bd7 7. Nxd7 Nbxd7 8. 0-0 Bg7 9. c3 0-0 10. Re1 a6 11. Bd3 Re8 12. Bf4 Nh5 13. Bg5 Qb6 14. Qb3 Qxb3 15. axb3 e5 16. Rd1 exd4 17. cxd4 Bxd4 18. Nc3 Bf6 19. Bh6 Nb6 20. Kf1 Bg7 21. Bxg7 Kxg7 22. Be2 Nf6 23. Bf3 Rad8 24. Rd4 Re5 25. Rad1 g5 26. h4 h6 27. g3 Kg6 28. hxg5 hxg5 29. Bg2 g4 30. Rb4 Rd6 31. Ne2 Kg5 32. Nf4 Rc6 33. Nd3 Ree6 34. Nf4 Re7 35. Rbd4 Rc2 36. R4d2 Rxd2 37. Rxd2 Rc7 38. Ke2 Rc5 39. Nd3 Rc7 40. Nf4 Rc5 41. Kd1 Kf5 42. Rd4 Rb5 43. Kc2 Rc5+ 44. Kd1 Ra5 45. Rb4 Rb5 46. Rxb5 axb5 47. Bf1 b4 48. Nd3 Ke4 49. Nxb4 Kf3 50. Ke1 Nbd7 51. Nd3 b5 52. Nf4 Ke4 53. Bg2+ Kd4 54. Ne2+ Kd3 55. Nf4+ Kd4 56. Ne2+ Ke5 57. Nc3 d4 58. Ne2 Nc5 59. Nc1 Nd5 60. Kd2 b4 61. Bf1 f5 62. Bc4 Ke4 63. Be2 d3 64. Bd1 Kd4 65. f3 gxf3 66. Bxf3 Ne4+ 0-1

[Event "BL2-Nord 1011"]
[Site "Germany"]
[Date "2010.12.12"]
[Round "4.8"]
[White "Lai Hop, Duong"]
[Black "Nogly, Christoph"]
[Result "0-1"]
[WhiteElo "2196"]
[BlackElo "2248"]
[PlyCount "114"]
[EventDate "2010.10.10"]
[EventType "team-tourn"]
[EventRounds "9"]
[EventCountry "GER"]
[SourceTitle "EXT 2012"]
[Source "ChessBase"]
[SourceDate "2011.11.24"]
[SourceVersion "1"]
[SourceVersionDate "2011.11.24"]
[SourceQuality "1"]
[WhiteTeam "Werder Bremen II"]
[BlackTeam "Berlin 1903 II"]
[WhiteTeamCountry "GER"]
[BlackTeamCountry "GER"]

1. e4 e5 2. Nf3 Nc6 3. Bc4 Nf6 4. d3 Bc5 5. Bg5 h6 6. Be3 Bb6 7. Nc3 d6 8. Nd5 Nxd5 9. exd5 Na5 10. b4 Nxc4 11. dxc4 Bxe3 12. fxe3 c5 13. dxc6 bxc6 14. 0-0 0-0 15. c5 dxc5 16. Qxd8 Rxd8 17. Nxe5 cxb4 18. Nxc6 Re8 19. Nxb4 Rxe3 20. Nd5 Re5 21. Nf4 Bf5 22. Rf2 Rc8 23. Nd3 Rd5 24. Raf1 g6 25. h3 h5 26. Nf4 Ra5 27. Nxh5 Rxc2 28. Nf6+ Kf8 29. Rxc2 Bxc2 30. Ra1 Ke7 31. Ng4 Ra3 32. Ne5 Bf5 33. Nc6+ Kf8 34. Nd4 Be4 35. Kf2 a6 36. Ne2 Bd5 37. Rd1 Bc4 38. Nc1 Rc3 39. Kg1 Rc2 40. Re1 a5 41. Rd1 a4 42. Kh2 Bb5 43. Rg1 Kg7 44. h4 f5 45. Kg3 Kh6 46. Re1 Bc6 47. Ne2 Rxa2 48. Nf4 Be4 49. Rd1 Rc2 50. Rd4 a3 51. Ra4 a2 52. Ra6 Bc6 53. Ra7 Rc3+ 54. Kh2 Rc4 55. Rxa2 Rxf4 56. Kh3 Kh5 57. g3 Rf1 0-1

[Event "Oberliga Nord W 0910"]
[Site "Germany"]
[Date "2010.04.11"]
[Round "9.7"]
[White "Hollmann, Ludger"]
[Black "Lai Hop, Duong"]
[Result "0-1"]
[WhiteElo "2185"]
[BlackElo "2191"]
[PlyCount "82"]
[EventDate "2009.10.18"]
[EventType "team-tourn"]
[EventRounds "9"]
[EventCountry "GER"]
[SourceTitle "EXT 2011"]
[Source "ChessBase"]
[SourceDate "2010.11.26"]
[SourceVersion "1"]
[SourceVersionDate "2010.11.26"]
[SourceQuality "1"]
[WhiteTeam "Nordhorn Blanke"]
[BlackTeam "Werder Bremen II"]
[WhiteTeamCountry "GER"]
[BlackTeamCountry "GER"]

1. d4 Nf6 2. Bf4 e6 3. e3 d5 4. Nf3 Bd6 5. Bg3 0-0 6. Nbd2 c5 7. c3 Ne4 8. Nxe4 dxe4 9. Nd2 cxd4 10. Bxd6 Qxd6 11. Nxe4 Qc6 12. Qxd4 e5 13. Qc4 Qg6 14. Ng3 Nd7 15. Be2 Nb6 16. Qe4 Qg5 17. 0-0 Be6 18. Rfd1 Rab8 19. b3 Rfc8 20. Rac1 Nd7 21. c4 f5 22. f4 Qxg3 23. hxg3 fxe4 24. Rd6 Rc6 25. Rcd1 Rxd6 26. Rxd6 Kf7 27. b4 Ke7 28. Rd2 b6 29. g4 g6 30. g5 Rc8 31. Rc2 Nb8 32. g3 Nc6 33. a3 exf4 34. gxf4 a5 35. c5 axb4 36. cxb6 b3 37. Rc5 Nb8 38. Rb5 Rc2 39. Bf1 Rc1 40. Rb4 Bh3 41. Rxe4+ Kf7 0-1

[Event "Oberliga Nord W 0910"]
[Site "Germany"]
[Date "2010.03.21"]
[Round "8.6"]
[White "Ljubarskij, Jurij"]
[Black "Lai Hop, Duong"]
[Result "0-1"]
[WhiteElo "2274"]
[BlackElo "2191"]
[PlyCount "164"]
[EventDate "2009.10.18"]
[EventType "team-tourn"]
[EventRounds "9"]
[EventCountry "GER"]
[SourceTitle "EXT 2011"]
[Source "ChessBase"]
[SourceDate "2010.11.26"]
[SourceVersion "1"]
[SourceVersionDate "2010.11.26"]
[SourceQuality "1"]
[WhiteTeam "Hannover PSC"]
[BlackTeam "Werder Bremen II"]
[WhiteTeamCountry "GER"]
[BlackTeamCountry "GER"]

1. d4 Nf6 2. Bg5 d5 3. e3 c6 4. Nd2 Bg4 5. f3 Bf5 6. c4 Nbd7 7. Ne2 Bd3 8. Qb3 dxc4 9. Qxb7 Rb8 10. Qxc6 Rxb2 11. Nc3 e6 12. Nxc4 Bxc4 13. Qxc4 Bb4 14. Bxf6 Nxf6 15. 0-0-0 Bxc3 16. Qxc3 Rb8 17. Qa3 Nd5 18. Kd2 Rb4 19. Ke1 Qb6 20. Kf2 0-0 21. Be2 Rb2 22. Rc1 Nb4 23. Rb1 Rxb1 24. Rxb1 a5 25. Qa4 Qc7 26. f4 Rc8 27. Qb3 g6 28. Rb2 Qc1 29. Rb1 Qd2 30. Rd1 Qxa2 31. Qxa2 Nxa2 32. Bd3 Rc3 33. Ra1 Nb4 34. Be4 f5 35. Bf3 Rc2+ 36. Ke1 Na2 37. d5 Kf7 38. dxe6+ Kxe6 39. Bd1 Nb4 40. Rxa5 Rxg2 41. Be2 Rxh2 42. Rb5 Nc6 43. Bc4+ Kd6 44. Rd5+ Ke7 45. Rc5 Nb4 46. Be2 Kd6 47. Rc8 Nc6 48. Kf1 Kd7 49. Ra8 Nb4 50. Ke1 Kd6 51. Rd8+ Ke7 52. Rb8 Nd5 53. Rb7+ Kf8 54. Kd2 h5 55. Kd3 Rh3 56. Kd4 Nxe3 57. Ke5 Ng4+ 58. Bxg4 fxg4 59. Kf6 Ke8 60. Re7+ Kd8 61. Re2 g3 62. Rd2+ Ke8 63. Re2+ Kd7 64. Rd2+ Kc6 65. Rg2 h4 66. Kxg6 Rh2 67. Rg1 Rf2 68. Kg5 Rh2 69. f5 Kd7 70. f6 Ke8 71. Kg6 Rf2 72. Re1+ Kd7 73. Rd1+ Ke6 74. Re1+ Kd5 75. Rg1 g2 76. f7 h3 77. Kg7 Rxf7+ 78. Kxf7 Ke5 79. Kg6 Kf4 80. Kh5 Kg3 81. Ra1 h2 82. Ra3+ Kf4 0-1